00922nam a2200217Ia 450000500170000000800410001708200190005811000620007724501320013925000190027130000290029050000590031961000580037865000380043665000670047426400400054133600270058133700330060833800280064104000350066920220317001239.0160825s1998 ck g 000 0 spa 04a306.08998 F85s2 aFundación de Investigaciones Arqueológicas Nacionales10aSan Agustínbvida cotidiana, muerte y pensamiento mágicocFundación de Investigaciones Arqueológicas NacionaleshCD-ROM a1a. edición  aCD-ROM bestereoc12 cm  aEl CD-ROM tiene presentación en Español e Inglés2 aSan Agustín (Cultura indígena)vCD-ROM xHistoria142LEMBaParques nacionalesvCD-ROM 142LEMB aArqueología vCD-ROMzSan Agustín (Huila, Colombia) aBogotábFundación Erigaiec1998 atextobtxt2rdacontent asin mediaciónbn2rdamedia avolumenbnc2rdacarrier aCO-BoRNBPbspaerdacCO-BoRNBP